Радиоактивные элементы в солевых отложениях питьевых вод Байкальского региона; Радиоактивность и радиоактивные элементы в среде обитания человека

التفاصيل البيبلوغرافية
Parent link:Радиоактивность и радиоактивные элементы в среде обитания человека.— 2013.— [С. 485-488]
المؤلف الرئيسي: Соктоев Б. Р. Булат Ринчинович
مؤلف مشترك: Национальный исследовательский Томский политехнический университет (ТПУ) Институт природных ресурсов (ИПР) Кафедра геоэкологии и геохимии (ГЭГХ)
الملخص:Заглавие с титульного листа
The article introduces the results of a new under-investigated media research - salt sediments and the distribution of the radioactive elements (Th, U) in this media. By the example of the Baikal region it is shown that the element composition of salt sediments reflects the chemical composition of drinking water, especially for uranium. The territories with possible uranium mineralization are marked i.e. the Borgoy depression, Ust-Barguzin depression, suburbs of Ulan-Ude
اللغة:الروسية
منشور في: 2013
الموضوعات:
الوصول للمادة أونلاين:http://www.lib.tpu.ru/fulltext/c/2013/C33/130.pdf
التنسيق: MixedMaterials الكتروني فصل الكتاب
KOHA link:https://koha.lib.tpu.ru/cgi-bin/koha/opac-detail.pl?biblionumber=242429

MARC

LEADER 00000naa2a2200000 4500
001 242429
005 20251210132038.0
035 |a (RuTPU)RU\TPU\book\263744 
035 |a RU\TPU\book\263743 
090 |a 242429 
100 |a 20130903d2013 k||y0rusy50 ca 
101 0 |a rus 
102 |a RU 
135 |a drnn ---uucaa 
181 0 |a i  
182 0 |a b 
200 1 |a Радиоактивные элементы в солевых отложениях питьевых вод Байкальского региона  |d Radioactive elements in drinking water salt sediments of the Baikal region  |f Б. Р. Соктоев 
203 |a Текст  |c электронный 
215 |a 1 файл (272 Кб) 
300 |a Заглавие с титульного листа 
320 |a [Библиогр.: с. 488 (11 назв.)] 
330 |a The article introduces the results of a new under-investigated media research - salt sediments and the distribution of the radioactive elements (Th, U) in this media. By the example of the Baikal region it is shown that the element composition of salt sediments reflects the chemical composition of drinking water, especially for uranium. The territories with possible uranium mineralization are marked i.e. the Borgoy depression, Ust-Barguzin depression, suburbs of Ulan-Ude 
337 |a Adobe Reader 
463 1 |0 (RuTPU)RU\TPU\book\263484  |t Радиоактивность и радиоактивные элементы в среде обитания человека  |o материалы IV Международной конференции, 4-8 июня 2013 г., г. Томск  |f Национальный исследовательский Томский политехнический университет (ТПУ) ; Российская академия наук (РАН), Сибирское отделение (СО), Институт геологии и минералогии ; Зарубежгеология, Открытое Акционерное Общество ; Российское геологическое общество (РосГео), Томское региональное отделение (ТРО) ; Волковгеология ; Казатомпром ; под ред. Л. П. Рихванова  |v [С. 485-488]  |d 2013 
510 1 |a Radioactive elements in drinking water salt sediments of the Baikal region  |z eng 
610 1 |a труды учёных ТПУ 
610 1 |a электронный ресурс 
610 1 |a радиоактивные элементы 
610 1 |a солевые отложения 
610 1 |a питьевые подземные воды 
610 1 |a Байкальский регион 
700 1 |a Соктоев  |b Б. Р.  |c геохимик  |c доцент Томского политехнического университета, кандидат геолого-минералогических наук  |f 1990-  |g Булат Ринчинович  |3 (RuTPU)RU\TPU\pers\31184  |9 15380 
712 0 2 |a Национальный исследовательский Томский политехнический университет (ТПУ)  |b Институт природных ресурсов (ИПР)  |b Кафедра геоэкологии и геохимии (ГЭГХ)  |3 (RuTPU)RU\TPU\col\18658 
801 1 |a RU  |b 63413507  |c 20130116 
801 2 |a RU  |b 63413507  |c 20130903  |g RCR 
856 4 |u http://www.lib.tpu.ru/fulltext/c/2013/C33/130.pdf 
942 |c CF